Football : Les meilleurs buteurs du Bayern en LDC au 21ème siècle - Statistiques

Statistiques générales
  • Ce quiz a été pris 102 fois
  • Le résultat moyen est 7 sur 10
Statistiques - réponses
Buts Pays Joueur % Correct
69 Pologne Robert Lewandowski
99%
25 Pays-Bas Arjen Robben
96%
57 Allemagne Thomas Müller
96%
18 France Franck Ribéry
91%
23 Angleterre Harry Kane
91%
17 France Kingsley Coman
80%
16 Allemagne Leroy Sané
52%
23 Allemagne Mario Gomez
49%
18 Pérou Claudio Pizarro
44%
17 Pays-Bas Roy Makaay
18%
Aucun quiz correspondant
Distribution des résultats
% des personnes avec chaque résultat
Percentile par nombre de réponses
Votre historique - résultats
Vous n’avez pas pris ce quiz